| 000 | 01080nac a22003251u 4500 | ||
|---|---|---|---|
| 003 | EG-ScBUE | ||
| 005 | 20220808103630.0 | ||
| 008 | 110627t2008 enka f 000 1 eng d | ||
| 020 | _a0194791327 | ||
| 020 | _a9780194791328 | ||
| 040 |
_aEG-ScBUE _beng _erda _cEG-ScBUE _dEG-ScBUE |
||
| 082 |
_a813.3 _bPOE _222 |
||
| 100 | 1 |
_aPoe, Edgar Allan, _d1809-1849, _eauthor. _925956 |
|
| 245 | 1 | 0 |
_aTales of mystery and imagination / _cEdgar Allan Poe ; retold by Margaret Naudi. |
| 264 | 1 |
_aOxford ; _aNew York : _bOxford University Press, _c[2008] |
|
| 264 | 4 | _cc2008 | |
| 300 |
_a72 pages : _billustrations ; _c15 cm. |
||
| 336 |
_2rdacontent _atext _btxt |
||
| 337 |
_2rdamedia _aunmediated _bn |
||
| 338 |
_2rdacarrier _avolume _bnc |
||
| 490 | 0 |
_aOxford bookworms library ; _v3 |
|
| 500 | _aDistributer: Baccah. | ||
| 650 | 7 |
_aHorror tales, American. _2BUEsh _925958 |
|
| 650 | 7 |
_aChildren's stories, American. _2BUEsh _940119 |
|
| 651 | _2BUEsh | ||
| 653 | _bHHUUEENN | ||
| 655 |
_vReading book _934232 |
||
| 700 | 1 |
_aNaudi, Margaret, _eauthor. |
|
| 942 |
_cBB _2ddc |
||
| 999 |
_c8749 _d8749 |
||